000 00477nam a2200169Ia 4500
005 20240701042231.0
008 240331s9999 xx 000 0 und d
020 _a0195630807
082 _a100
_bMAN
245 0 _aMany Ramayanayas :
_bthe diversity of a narrative tradition in South Asia
260 _aCalifornia
_bUniversity of California press
_c1992
300 _axiii, 273 p .,
650 _a tradition
650 _aDiversity
700 _aRichman, Paula
_eedt
942 _cL
999 _c694
_d694